Controlling frontiers : free movement into and within Europe

Αποθηκεύτηκε σε:
Λεπτομέρειες βιβλιογραφικής εγγραφής
Άλλοι συγγραφείς: Bigo, Didier (Επιμελητής έκδοσης), Guild, Elspeth (Επιμελητής έκδοσης)
Μορφή: Βιβλίο
Γλώσσα:English
Δημοσίευση: Aldershot, Hants, England : Ashgate, 2005
Θέματα:
Ετικέτες: Προσθήκη ετικέτας
Δεν υπάρχουν, Καταχωρήστε ετικέτα πρώτοι!

MARC

LEADER 00000nam a2200000 i 4500
001 1/103604
008 090401s2005 eng d
020 |a 978-0-7546-3011-1 
035 |l 10104115 
040 |a GR-MY-UA  |b gre  |e aacr 
041 0 |a eng 
082 0 |a 325.4  |2 (22) 
245 1 0 |a Controlling frontiers :  |b free movement into and within Europe /  |c edited by Didier Bigo and Elspeth Guild 
260 |a Aldershot, Hants, England :   |b Ashgate,   |c 2005 
300 |a vii, 283 σ.;  |b 1 χάρτης;  |c 25 εκ. 
504 |a Βιβλιογραφία: σ. [264]-274 
504 |a Ευρετήριο: σ. [275]-283 
650 0 0 |a Globalization. 
651 0 |a European Union countries  |x Emigration and immigration. 
700 1 |a Bigo, Didier.  |4 edt 
700 1 |a Guild, Elspeth.  |4 edt 
852 |a INST  |b LESVOS  |e 20090401  |h 325.4 CON  |p 005100044698  |q 005100044698  |t BK  |y 0 
901 |a BIBL1-2009-1 
909 |a Λ  |b 154287 
922 |a 1ΕΛΗ  |b 200809  |c ΕΠΕΑΕΚ2/ΤΓ  |d ΜΙΧΑΛΟΠΟΥΛΟΣ 
970 |a ΚΑΡΑ  |b ΓΙΑΣΕΜΗ  |z 2009/04/01